000 00510nam a2200145 a 4500
008 120416s1963 ||||||||||||||||| || u
050 _aHD 6664 Pel
100 _aPelling, Henry
245 1 2 _aA history of British trade unionism
260 _aLondon
_bMacmillan
_c1963
350 _a0.00
650 _aLABOUR
650 _aLABOUR UNIONS--GREAT BRITAIN
995 _D0.00
_FCBU-MAIN LIBRARY (Kitwe)
_H1
_I0.00
_M1
_UAVAILABLE
_ZMain Library Open Access Collection
999 _c45584
_d45584